Normal view
MARC view
- Khan, Mahrukh
Entry Personal Name
001 - CONTROL NUMBER
- control field: 130621
003 - CONTROL NUMBER IDENTIFIER
- control field: NUST
005 - DATE AND TIME OF LATEST TRANSACTION
- control field: 20250923115418.0
008 - FIXED-LENGTH DATA ELEMENTS
- fixed length control field: 250923|| aca||aabn | a|a d
040 ## - CATALOGING SOURCE
- Original cataloging agency: NUST
- Transcribing agency: NUST
100 ## - HEADING--PERSONAL NAME
- Personal name: Khan, Mahrukh
670 ## - SOURCE DATA FOUND
- Source citation: Work cat.: (NUST): Khan, Mahrukh, The Role of Community in Climate Change Mitigation through Afforestation: An Exploratory Study of District Abbottabad, Pakistan/
